000 00492nam a22002057a 4500
005 20230614133311.0
008 230614b |||||||| |||| 00| 0 eng d
020 _a9780683028379
082 _a617.43
_bATL
100 _aEmilio Etala
245 _aAtlas of gastrointestinal surgery
250 _a1st ed.
260 _aHong Kong
_bWillians & Wilkins
_c1997
300 _a2420
490 _v2
500 _aIncludes Index
650 _aMedical
700 _aEmilio Etala
999 _c18752
_d18752